El racionalismo de Jacques de Maritain / (Record no. 169203)

MARC details
000 -LEADER
campo de control de longitud fija 00786nam a2200229 i 4500
001 - NÚMERO DE CONTROL
campo de control 169203
003 - IDENTIFICADOR DE NÚMERO DE CONTROL
campo de control ES-MaACL
005 - FECHA Y HORA DE LA ÚLTIMA TRANSACCIÓN
campo de control 20250812062541.0
008 - DATOS DE LONGITUD FIJA--INFORMACIÓN GENERAL
campo de control de longitud fija 080822s19591959sp |001 0 spa d
080 ## - NÚMERO DE LA CLASIFICACIÓN DECIMAL UNIVERSAL
Número de la Clasificación Decimal Universal 1 Maritain, Jacques
100 1# - ENTRADA PRINCIPAL--NOMBRE DE PERSONA
Nombre de persona Wilhelmsen, Frederick D.
9 (RLIN) 116845
245 13 - MENCIÓN DEL TÍTULO
Título El racionalismo de Jacques de Maritain /
Mención de responsabilidad, etc. Frederick D. Wilhelmsen.
260 ## - PUBLICACIÓN, DISTRIBUCIÓN, ETC.
Lugar de publicación, distribución, etc. Madrid :
Nombre del editor, distribuidor, etc. Ateneo,
Fecha de publicación, distribución, etc. 1959.
300 ## - DESCRIPCIÓN FÍSICA
Extensión 32 p. , [1] h. de lám. ;
Dimensiones 19 cm.
490 1# - MENCIÓN DE SERIE
Mención de serie O crece o muere ;
Designación de volumen o secuencia 130
598 ## - NOTA LOCAL
Nota local N. 130 repetido, con dos tít. distintos del mismo autor.
600 14 - PUNTO DE ACCESO ADICIONAL DE MATERIA--NOMBRE DE PERSONA
Nombre de persona Maritain, Jacques.
9 (RLIN) 76903
610 24 - PUNTO DE ACCESO ADICIONAL DE MATERIA--NOMBRE DE ENTIDAD CORPORATIVA
Nombre de entidad corporativa o nombre de jurisdicción como elemento de entrada Ateneo de Madrid-
Subdivisión de forma Conferencias-
Subdivisión cronológica 1940-1982.
9 (RLIN) 1908
830 10 - PUNTO DE ACCESO ADICIONAL DE SERIE-TÍTULO UNIFORME
Título uniforme Colección "O crece o muere"
Designación de volumen o secuencia 130
9 (RLIN) 183476
852 4# - LOCALIZACIÓN
Ubicación ES-MaACL
Número de control de estantería 2243-F-2
Holdings
Estatus retirado Estado de pérdida Estado de daño No para préstamo Colección Biblioteca de origen Biblioteca actual Ubicación en estantería Fecha de adquisición Total de préstamos Signatura topográfica completa Código de barras Visto por última vez Precio de reemplazo Tipo de ítem Koha
        Colección de folletos Biblioteca del Ateneo de Madrid Biblioteca del Ateneo de Madrid Depósito folletos 22/08/2008   2243-F-2 1177646 23/02/2023 23/02/2023 Folleto